Suomen suurimmat ravintolaketjut - Statistics

Yleistilastot
  • Tätä visaa on pelattu 114 kertaa
    111 viimeisimmän päivityksen jälkeen
  • Keskiarvotulos 15 / 41
Vastaustilastot
Ruokalaji Toimipisteet Vastaus % Oikein
Hampurilaiset 272 Hesburger
99%
Hampurilaiset 75 McDonald's
95%
Pizza 310 Kotipizza
90%
Täytetyt leivät 185 Subway
89%
Hampurilaiset 63 Burger King
85%
Tacot 16 Taco Bell
75%
Donitsit 27 Arnolds
74%
Smoothie 58 Jungle Juice Bar
68%
Hampurilaiset 99 Rolls
59%
Pizza 21 Pizza Hut
55%
Kahvi 63 Espresso House
54%
Pizza 30 Rax
54%
Kana 5 KFC
51%
TexMex 23 Amarillo
43%
Siivet 4 Siipiweikot
42%
Sushi 16 Hanko Aasia
38%
TexMex 39 Pancho Villa
38%
Hotdog 358 R-kioski
35%
Kahvi 38 Robert's Coffee
33%
Pizza 26 Rosso (Express ja Pizza)
30%
Hampurilaiset 62 ScanBurger
30%
Kahvi 16 Coffee House
29%
Kahvi 21 Fazer Café
29%
Siivet 14 Hook
29%
Salaatit 39 Picnic
28%
Sushi 13 Itsudemo sushi
26%
Hampurilaiset 10 Naughty BRGR
25%
Pitaleivät 9 Fafa's
20%
Sushi 29 Luckiefun's
20%
Hampurilaiset 27 Friends & Brgrs
18%
Pizza 9 Classic Pizza
16%
Pizza 28 Pizza & Buffa
11%
Kahvi 26 Presso
8%
Smoothie 8 Bär Bar
5%
Kana 16 Chitir Chicken
5%
Hampurilaiset 8 Social Burgerjoint
4%
Sushi 9 Konnichiwa
2%
Pizza 26 Fizza
1%
Kahvi 9 La Torrefazione
1%
Pizza 13 Pizza Express
1%
Sushi 21 SushiTake
0%
Ehtoja vastaavia visoja ei löytynyt
Tulosjakauma
Jokaisen tuloksen saaneiden osuus
Persentiili vastausten määrän mukaan
Tuloshistoriasi
Et ole pelannut tätä visaa sen viimeisimmän päivityksen jälkeen